| 000 | 01110nam a2200301 a 4500 | ||
|---|---|---|---|
| 001 | 34062 | ||
| 003 | BD-RjUL | ||
| 005 | 20211209052112.0 | ||
| 008 | 140512s1984 bg b 001 0 eng | ||
| 035 | _a(BD-RjUL)34156 | ||
| 040 |
_aDLC _cDLC _dBD-RjUL _beng |
||
| 041 | _aeng | ||
| 082 | 0 | 0 |
_a392.12095492 _219 _bBLM 1984 |
| 100 | 1 |
_aBlanchet, Thérèse. _9103524 |
|
| 245 | 1 | 0 |
_aMeanings and rituals of birth in rural Bangladesh : _bwomen, pollution, and marginality / _cThérèse Blanchet. |
| 260 |
_aDhaka, Bangladesh : _bUniversity Press, _cc1984. |
||
| 300 |
_aviii, 163 p. ; _c22 cm. |
||
| 500 | _aRunning title: Women, pollution, and marginality. | ||
| 504 | _aBibliography: p. 157-160. | ||
| 504 | _aIncludes index. | ||
| 650 | 0 |
_aBirth customs _zBangladesh _zJamālpur (Subdivision). _9103525 |
|
| 650 | 0 |
_aChildbirth _zBangladesh _zJamālpur (Subdivision) _9103526 |
|
| 650 | 0 |
_aWomen _zBangladesh _zJamālpur (Subdivision) _9103527 |
|
| 651 | 0 |
_aJamālpur (Bangladesh : Subdivision) _xSocial life and customs. _9103528 |
|
| 942 |
_2ddc _cBK |
||
| 999 |
_c34062 _d34062 |
||